Ivan Mikloš: Asociálny je súčasný daňový systém
Rozhovor s ministrom financií, Ivanom Miklošom, o reforme daňového systému. Podľa ministra daňová reforma musí ladiť so zmenou sociálneho systému. Pripravované kroky a problémy, ktoré sa môžu vyskytnúť. Rôzne názory na pripravovanú reformu daňového systému.
Gespeichert in:
| 1. Verfasser: | |
|---|---|
| Weitere Verfasser: | |
| Format: | Buchkapitel |
| Sprache: | Slowakisch |
| Schlagworte: | |
| Tags: |
Keine Tags, Fügen Sie das erste Tag hinzu!
|
MARC
| LEADER | 00000naa a2200000 4500 | ||
|---|---|---|---|
| 001 | r047797 | ||
| 005 | 20230921114709.5 | ||
| 041 | 0 | |a slo | |
| 044 | |a SK | ||
| 245 | 1 | 0 | |a Ivan Mikloš: Asociálny je súčasný daňový systém |c Rado Baťo, Ivan Mikloš |
| 520 | |a Rozhovor s ministrom financií, Ivanom Miklošom, o reforme daňového systému. Podľa ministra daňová reforma musí ladiť so zmenou sociálneho systému. Pripravované kroky a problémy, ktoré sa môžu vyskytnúť. Rôzne názory na pripravovanú reformu daňového systému. | ||
| 610 | 2 | 0 | |a reformy daňové |
| 610 | 2 | 0 | |a systémy sociálne |
| 610 | 2 | 0 | |a zaťaženie daňové |
| 610 | 2 | 0 | |a rodina |
| 610 | 2 | 0 | |a financie verejné |
| 610 | 2 | 0 | |a podnikatelia |
| 610 | 2 | 0 | |a rozhovor |
| 610 | 2 | 0 | |a Slovensko |
| 100 | 1 | |a Baťo, Rado | |
| 700 | 1 | |a Mikloš, Ivan | |